Filiación: derechos humanos fundamentales y problemas de su actual normativa

Guardat en:
Dades bibliogràfiques
Autor principal: Greeven Bobadilla, Nel Patricia (Autor)
Format: Llibre
Idioma:espanyol
Publicat: Santiago Librotecnia 2014
Edició:1a. ed
Matèries:
Etiquetes: Afegir etiqueta
Sense etiquetes, Sigues el primer a etiquetar aquest registre!

MARC

LEADER 00000cam a2200000 a 4500
001 UCE2182
003 CL-VaPUC
008 140612e20140000cl |||||||||||||||||spa|d
020 |a 9789563271065 
082 0 4 |a 346.017  |b GRE  |2 21 
100 |a Greeven Bobadilla, Nel Patricia  |e author  |9 779659 
245 1 0 |a Filiación: derechos humanos fundamentales y problemas de su actual normativa 
250 |a 1a. ed 
300 |a 515 p 
942 |c BK 
945 |d 20140612 14:08:00  |a dcastane 
260 |a Santiago  |b Librotecnia  |c 2014 
650 0 |a Peternidad  |9 254922 
650 7 |a DERECHO CANONICO  |2 CL-VaPUC  |9 574652 
650 0 |a Derecho comparado  |9 255664 
650 0 |a Derecho de familia  |9 255603 
583 |a last modification  |c 20170406 04:01:15  |k Rodrigo Vera 
999 |c 355844  |d 355842 
952 |0 0  |1 0  |3 erb  |4 0  |6 346_017000000000000_GRE_2014  |7 0  |8 A  |9 462736  |a BIBDER  |b BIBDER  |i 508329K  |l 1  |o 346.017 GRE 2014  |p 508329K  |r 2023-04-12  |s 2023-04-06  |w 2019-11-23  |y BK  |z Catalogado en:20140612  |k DER